Loading...
Modern history of Indian press
| Hovedforfatter: | |
|---|---|
| Format: | Printed Book |
| Udgivet: |
New Delhi
Cosmo Books
1998
|
| Fag: |
| LEADER | 00464cam a2200157ua 4500 | ||
|---|---|---|---|
| 020 | |a 81-7020-697-9 | ||
| 082 | |a 079.54 |b SUN/M | ||
| 100 | |a Sunit Ghosh | ||
| 245 | 0 | 0 | |a Modern history of Indian press |
| 260 | |a New Delhi |b Cosmo Books |c 1998 | ||
| 300 | |a xvii,394p. | ||
| 500 | |a Includes index. | ||
| 650 | 0 | |a Indian press | |
| 942 | |c BK | ||
| 999 | |c 1693 |d 1693 | ||
| 952 | |0 0 |1 0 |4 0 |6 079_540000000000000_SUNM |7 0 |9 1759 |a KUCL |b KUCL |d 2014-05-23 |l 0 |o 079.54 SUN/M |p 04815 |r 2014-05-23 |y BK | ||